00498nam a2200145Ia 4500003000900000008004100009020002600050040001600076100002700092245004500119260003200164300002000196490003300216856010300249IN-BaIIA211028s9999 xx s 000 0 eng d a9780819409591 (Print) cIIA Library aZuegge, Hannfried, ed. 0aLens and Optical Systems Designh[eBook] aWashington, USAbSPIEc1993 aOnline resource aProceedings of SPIE; V. 1780 uhttps://www.spiedigitallibrary.org/conference-proceedings-of-spie/1780yClick Here to Access eBook